| 000 -CABECERA |
| Longitud fija campo de control |
00668nam a22001937a 4500 |
| 003 - IDENTIFICADOR DEL NÚMERO DE CONTROL |
| Identificador del número de control |
OSt |
| 005 - FECHA Y HORA DE LA ÚLTIMA TRANSACCIÓN |
| Fecha y hora de la última transacción |
20140410181802.0 |
| 008 - CÓDIGOS DE INFORMACIÓN DE LONGITUD FIJA |
| Códigos de información de longitud fija |
130530s2004 sp ||||| |||| 00| 0 spa d |
| 020 ## - NÚMERO INTERNACIONAL NORMALIZADO PARA LIBROS |
| Número Internacional Normalizado para Libros (ISBN) |
8488788584 |
| 040 ## - FUENTE DE LA CATALOGACIÓN |
| Centro transcriptor |
CDMR |
| 100 1# - PUNTO DE ACCESO PRINCIPAL-NOMBRE DE PERSONA |
| 9 (RLIN) |
3604 |
| Nombre de persona |
Castillo, José María |
| Nombre de parte o sección de la obra |
(Castillo Pomeda) |
| 245 10 - MENCIÓN DE TÍTULO |
| Título |
Televisión y lenguaje audiovisual |
| Mención de responsabilidad, etc. |
José María Castillo ; realización [...] CD-ROM, Rubén Serna Santos |
| 260 ## - PUBLICACIÓN, DISTRIBUCIÓN, ETC. (PIE DE IMPRENTA) |
| Lugar de publicación, distribución, etc. |
Madrid |
| Nombre del editor, distribuidor, etc. |
Instituto Oficial de Radio y Televisión |
| Fecha de publicación, distribución, etc. |
2004 |
| 300 ## - DESCRIPCIÓN FÍSICA |
| Extensión |
406 p. |
| Material anejo |
+ 1 CD-ROM |
| 490 ## - MENCIÓN DE SERIE |
| Mención de serie |
Manuales profesionales |
| 650 04 - PUNTO DE ACCESO ADICIONAL DE MATERIA - TÉRMINO DE MATERIA |
| 9 (RLIN) |
2084 |
| Término de materia o nombre geográfico como elemento inicial |
Comunicació audiovisual |
| Subdivisión de forma |
Manuals, guies, etc. |
| 700 1# - PUNTO DE ACCESO ADICIONAL - NOMBRE DE PERSONA |
| 9 (RLIN) |
3605 |
| Nombre de persona |
Serna Santos, Rubén |
| 942 ## - ENTRADA DE ELEMENTOS AGREGADOS (KOHA) |
| Fuente de clasificaión o esquema |
|
| Koha [por defecto] tipo de item |
Monografies |